000
00266nam a2200097Ia 4500
008
171211s9999 xx 000 0 und d
245
4
_a
The Gun Digest Book of Automatic Pistols Assembly/Disassembly
245
_c
Kevin Muramatsu
260
_c
2012
650
_x
Military
999
_c
348345
_d
348345